000 00557nam a2200217Ia 4500
003 0100
008 130227s9999 xx 000 0 und d
040 _cARRUPELIB
050 _aQC173.59.S65D35 2010
100 _aDainton, Barry
245 _aTime and space
250 _a2nd edition
260 _aDurham
260 _bAcumen Publishing Limited
260 _C2010
300 _axvi
300 _b 464p. 24cm.
650 _bEnglish drama - Early modern & Elizabethan - History & criticism
650 _cPolitics in literature
942 _2lcc
_01
999 _c4702
_d4702